Estudio de prefactibilidad para la instalación de una granja de gallinas ponedoras en el departamento de Rivas
Presenta estudio de prefactibilidad para la instalación de una granja de gallinas ponedoras en el departamento de Rivas, contiene estudio de mercado, estudio técnico, estudio financiero y los lineamientos de un plan de gestión ambiental que muestra las normas y los requerimientos ambientales para...
| Main Authors: | , |
|---|---|
| Other Authors: | |
| Format: | Tesis Section = Libro |
| Language: | Undetermined Spanish |
| Published: |
Managua
UNI
2010
|
| Subjects: |
| LEADER | 01334nam a2200277Ia 4500 | ||
|---|---|---|---|
| 008 | 240830s9999 xx 000 0 und d | ||
| 040 | |a BIBLIOTECA-RUPAP Mon 636.51 N322 | ||
| 041 | |a spa | ||
| 082 | |a Mon 636.51 N322 | ||
| 100 | 1 | |a Navarro Aragón, Scarlett de los Ángeles | |
| 100 | 1 | |b Romero Narváez, Gladys Esther | |
| 245 | 1 | 0 | |a Estudio de prefactibilidad para la instalación de una granja de gallinas ponedoras en el departamento de Rivas |
| 260 | |a Managua |b UNI |c 2010 | ||
| 300 | |a 185 p. :il. | ||
| 500 | |a Contiene: anexos e Incluye: CD. | ||
| 502 | |a Tesis (Ingeniero Industrial)- UNI, 2010. | ||
| 520 | 3 | |a Presenta estudio de prefactibilidad para la instalación de una granja de gallinas ponedoras en el departamento de Rivas, contiene estudio de mercado, estudio técnico, estudio financiero y los lineamientos de un plan de gestión ambiental que muestra las normas y los requerimientos ambientales para la instalación de una granja de gallinas ponedoras. | |
| 650 | 7 | |a CRÍA DE AVES - PRODUCTOS AGRÍCOLAS - COMERCIO | |
| 650 | 7 | |b GRANJAS AVÍCOLAS | |
| 650 | 7 | |c INDUSTRIA AGRÍCOLA - HUEVOS - PRODUCCIÓN | |
| 650 | 7 | |d CONTROL DE PRODUCCIÓN AVÍCOLA | |
| 650 | 7 | |e ANÁLISIS DE MERCADO | |
| 700 | 1 | |a Tutor: |b López Artola, Fernando José | |
| 942 | |c BK |2 ddc | ||
| 991 | |a TESIS | ||
| 999 | |c 16805 | ||